000 00507nam a2200169Ia 4500
005 20250326140959.0
008 250326s9999 xx 000 0 und d
037 _aTextbook
040 _aFMSL
_beng
_cFMSL
041 _aeng
_2eng
084 _aX(R4) N8
_qFMSL
100 _aPutterman L
_9743500
245 0 _aEconomics, values and organization
_cPutterman L; Ben-ner A
260 _aNew York
_bNew York, Cambridge university press
_c1998
942 _cTB
_hX(R4) N8
999 _c1288147
_d1288147